Aag ka darya (Record no. 321395)
[ view plain ]
| 000 -LEADER | |
|---|---|
| fixed length control field | 00370 a2200145 4500 |
| 001 - CONTROL NUMBER | |
| control field | 86322 |
| 003 - CONTROL NUMBER IDENTIFIER | |
| control field | NUST |
| 005 - DATE AND TIME OF LATEST TRANSACTION | |
| control field | 20180122133013.0 |
| 008 - FIXED-LENGTH DATA ELEMENTS--GENERAL INFORMATION | |
| fixed length control field | 180122b xxu||||| |||| 00| 0 eng d |
| 020 ## - INTERNATIONAL STANDARD BOOK NUMBER | |
| International Standard Book Number | 9789693522990 |
| 082 ## - DEWEY DECIMAL CLASSIFICATION NUMBER | |
| Classification number | 891.4393 QUR |
| 100 ## - MAIN ENTRY--PERSONAL NAME | |
| Personal name | Qurat-ul- Ain Haider |
| 9 (RLIN) | 9475 |
| 245 ## - TITLE STATEMENT | |
| Title | Aag ka darya |
| Statement of responsibility, etc. | Qurat-ul-Ain Haider |
| Medium | Urdu |
| 260 ## - PUBLICATION, DISTRIBUTION, ETC. | |
| Place of publication, distribution, etc. | Lahore |
| Name of publisher, distributor, etc. | Sang-e-Meel Publishers |
| Date of publication, distribution, etc. | 2010 |
| 300 ## - PHYSICAL DESCRIPTION | |
| Extent | 480p. |
| 500 ## - GENERAL NOTE | |
| General note | General Books |
| 942 ## - ADDED ENTRY ELEMENTS (KOHA) | |
| Institution code [OBSOLETE] | AHQ |
| Koha item type | Book |
| Call number prefix | 891.4393 QUR |
| Source of classification or shelving scheme | |
| Withdrawn status | Lost status | Damaged status | Not for loan | Collection code | Permanent Location | Current Location | Date acquired | Total Checkouts | Full call number | Barcode | Date last seen | Price effective from | Koha item type |
|---|---|---|---|---|---|---|---|---|---|---|---|---|---|
| College of Aeronautical Engineering (CAE) | College of Aeronautical Engineering (CAE) | 04/03/2017 | 891.4393 QUR | CAE85291 | 04/05/2017 | 04/05/2017 | Book |
